<?xml version="1.0" encoding="UTF-8"?>
<collection xmlns:xsi="http://www.w3.org/2001/XMLSchema-instance" xsi:schemaLocation="http://www.loc.gov/MARC21/slim http://www.loc.gov/standards/marcxml/schema/MARC21slim.xsd" xmlns="http://www.loc.gov/MARC21/slim">
 <record>
  <leader>00000cam a22000004a 4500</leader>
  <controlfield tag="001">UP-99796217611460514</controlfield>
  <controlfield tag="003">Buklod</controlfield>
  <controlfield tag="005">20231025091705.0</controlfield>
  <controlfield tag="006">m    go  j        </controlfield>
  <controlfield tag="007">ta</controlfield>
  <controlfield tag="008">231025s2009    ph     d     |||| ||fil |</controlfield>
  <datafield tag="020" ind1=" " ind2=" ">
   <subfield code="a">9789715848985</subfield>
  </datafield>
  <datafield tag="035" ind1=" " ind2=" ">
   <subfield code="a">(iLib)UPD-00237705605</subfield>
  </datafield>
  <datafield tag="040" ind1=" " ind2=" ">
   <subfield code="a">DMLF</subfield>
   <subfield code="e">rda</subfield>
  </datafield>
  <datafield tag="041" ind1=" " ind2=" ">
   <subfield code="a">fil</subfield>
  </datafield>
  <datafield tag="042" ind1=" " ind2=" ">
   <subfield code="a">DMLUC</subfield>
  </datafield>
  <datafield tag="090" ind1=" " ind2=" ">
   <subfield code="a">PN 241.5 P6</subfield>
   <subfield code="b">B38 2009</subfield>
  </datafield>
  <datafield tag="100" ind1="1" ind2=" ">
   <subfield code="a">Batnag, Aurora E.</subfield>
   <subfield code="e">author.</subfield>
  </datafield>
  <datafield tag="245" ind1="1" ind2="0">
   <subfield code="a">Teksbuk sa pagsasalin</subfield>
   <subfield code="c">Aurora E. Batnag, Jayson D. Petras, mga may-akda ; Lilia F. Antonio, koordineytor.</subfield>
  </datafield>
  <datafield tag="264" ind1=" " ind2="1">
   <subfield code="a">Quezon City</subfield>
   <subfield code="b">C &amp; E Pub.</subfield>
   <subfield code="c">[2009]</subfield>
  </datafield>
  <datafield tag="300" ind1=" " ind2=" ">
   <subfield code="a">vii, 306 pages</subfield>
   <subfield code="b">illustrations</subfield>
  </datafield>
  <datafield tag="505" ind1="0" ind2=" ">
   <subfield code="a">Kabanata 1. Mga batayang kaalaman sa wikang Filipino. -- 1. Ugnayan ng wika at kultura. -- 2. Mga wika sa Pilipinas. -- 3. Pagsasalin sa rehiyonal na wika. -- 4. Ingles at Filipino : pagkakaiba at pagkakatulad. -- Kabanata 2. Mga batayang kaalaman sa pagsasalin. -- Kabanata 3. Mga metodo. -- 7. Mga metodo sa pagsasalin. -- 9. Pagtutumbas sa mga matalinghaga at idyomatikong pahayag. -- 10. Pagsasalin ng mga neologismo. -- 11. Ebalwasyon ng salin. -- 12. Kritisismong pampagsasalin. -- Kabanata 5. Pagsasalin ng iba't ibang uri ng teksto. -- 13. Pagsasalin ng prosa. -- 14. Pagsasalin ng tula. -- 15. Pagsasalin ng dula. -- 16. Pagsasalin ng panitikang pambata. -- 17. Pagsasalin sa mass media : dubbing at subtitling. -- 18. Pagsasaling siyentipiko at teknikal. -- 19. Pasalitang pagsasalin. -- 20. Machine translation.</subfield>
  </datafield>
  <datafield tag="650" ind1=" " ind2="0">
   <subfield code="a">Translating and interpreting</subfield>
   <subfield code="z">Philippines.</subfield>
  </datafield>
  <datafield tag="650" ind1=" " ind2="0">
   <subfield code="a">Translating and interpreting</subfield>
   <subfield code="x">Study and teaching</subfield>
   <subfield code="z">Philippines.</subfield>
  </datafield>
  <datafield tag="650" ind1=" " ind2="0">
   <subfield code="a">Filipino language</subfield>
   <subfield code="z">Translating</subfield>
   <subfield code="v">Textbooks.</subfield>
  </datafield>
  <datafield tag="700" ind1="1" ind2=" ">
   <subfield code="a">Petras, Jayson D.</subfield>
   <subfield code="e">author.</subfield>
  </datafield>
  <datafield tag="700" ind1="1" ind2=" ">
   <subfield code="a">Antonio, Lilia F.</subfield>
   <subfield code="e">coordinator.</subfield>
  </datafield>
  <datafield tag="842" ind1=" " ind2=" ">
   <subfield code="a">Book</subfield>
  </datafield>
  <datafield tag="905" ind1=" " ind2=" ">
   <subfield code="a">FI</subfield>
  </datafield>
  <datafield tag="852" ind1="0" ind2=" ">
   <subfield code="a">UPD</subfield>
   <subfield code="b">DCAL</subfield>
   <subfield code="h">PN 241.5 P6</subfield>
   <subfield code="i">B38 2009</subfield>
  </datafield>
  <datafield tag="852" ind1="0" ind2=" ">
   <subfield code="a">UPD</subfield>
   <subfield code="b">DMLF</subfield>
   <subfield code="h">PN 241.5 P6</subfield>
   <subfield code="i">B38 2009</subfield>
  </datafield>
  <datafield tag="942" ind1=" " ind2=" ">
   <subfield code="a">Book</subfield>
  </datafield>
 </record>
</collection>
